| 000 | 00847nam0a22002531 4500 | ||
|---|---|---|---|
| 001 | RU\NLR\INFOCOMM_223\5000057856 | ||
| 005 | 20250613100929.0 | ||
| 035 | _a(NLR Aleph) 009365550 | ||
| 090 |
_a7889267 _c7889267 |
||
| 100 | _a20101209d1927 |||y0rusy50 ca | ||
| 101 | 1 |
_apol _crus |
|
| 102 | _aRU | ||
| 105 | _ay ||||000|y | ||
| 200 | 1 |
_a... Związki zawodowe a robotnica _fA. Ginzburg _gPrzekład z ros. S. Soroczyńskiego |
|
| 210 |
_aMoskwa _cCentralne wyd-wo ludów SSSR _d1927 |
||
| 215 |
_a32 с. _d21 см |
||
| 225 | 1 | _aBibljoteczka robotnicy i włościanki | |
| 300 | _aНа 2-й с. обл.: А. Гинзбург. Профсоюзы и работница | ||
| 700 | 1 |
_aGinzburg _bA. M. _f1878- _gAbram Moiseevič _4070 |
|
| 801 | 1 |
_aRU _bNLR _c20101209 |
|
| 801 | 0 |
_aRU _bNLR _gPSBO |
|
| 852 |
_aNLR _jЕ-10/597 |
||
| 942 | _cBOOK | ||
| 980 | _aNB | ||